Disruption and delay (Record no. 77113)

MARC details
000 -LEADER
fixed length control field 01327cab a2200193 4500
001 - CONTROL NUMBER
control field ##L133609
008 - FIXED-LENGTH DATA ELEMENTS--GENERAL INFORMATION
fixed length control field 060523n2006 000 0 eng u
035 ## - SYSTEM CONTROL NUMBER
System control number (Sirsi) u133609
041 0# - LANGUAGE CODE
Language code of text/sound track or separate title eng
100 1# - MAIN ENTRY--PERSONAL NAME
Personal name Lane, Patrick M. M.
245 00 - TITLE STATEMENT
Title Disruption and delay
Remainder of title fair entitlement and the regulation of risk
260 ## - PUBLICATION, DISTRIBUTION, ETC.
Date of publication, distribution, etc. 2006
490 #0 - SERIES STATEMENT
Series statement Construction Law Journal
Volume/sequential designation 22(2) 2006, 92-116(25)
520 ## - SUMMARY, ETC.
Summary, etc. Argues that whilst most standard form contracts provide for the completion date to be extended under certain defined circumstances, few address the questions as to how extension of time is to be determined and how compensation is to be valued. So far as disruption is concerned, contracts are often silent, and reliance is instead placed on breach of a tacit term of the contract that the employer will not interfere with the contractor's performance of its work, which is often the cause of disputes. The more certainty there is in identifying and defining the allocation of risk in the contract, the less scope there is for dispute between the parties
650 24 - SUBJECT ADDED ENTRY--TOPICAL TERM
Topical term or geographic name entry element FIDIC CONDITIONS OF CONTRACT 1999 EDITION
650 24 - SUBJECT ADDED ENTRY--TOPICAL TERM
Topical term or geographic name entry element FIDIC CONDITIONS OF CONTRACT FOR WORKS OF CIVIL ENGINEERING CONSTRUCTION FOURTH EDITION
690 ## - LOCAL SUBJECT ADDED ENTRY--TOPICAL TERM (OCLC, RLIN)
Topical term or geographic name as entry element BUILT ENVIRONMENT-CONSTRUCTION MANAGEMENT-BUILDING CONTRACT ADMINISTRATION
942 ## - ADDED ENTRY ELEMENTS (KOHA)
Suppress in OPAC 0
Holdings
Withdrawn status Lost status Source of classification or shelving scheme Damaged status Not for loan Home library Current library Shelving location Date acquired Total Checkouts Full call number Barcode Date last seen Copy number Price effective from Koha item type
    Dewey Decimal Classification     London London Journal article 23/05/2006   L133609 133609-1001 06/08/2019 1 06/08/2019 Journal article